000 00577nam a2200229Ia 4500
003 OSt
005 20221005121017.0
006 a|||||r|||| 00| 0
007 ta
008 221004b |||||||| |||| 00| 0 eng d
024 _a58553
037 _cTextual
040 _aCRL
_cCRL
_beng
041 _2eng
_aeng
082 _aV2:25xM69w, H82
100 _aJones Marc Edmund
_983463
245 0 _aGandhi lives
260 _c1948
650 _aGANDHI, MAHATAMA
_94156
942 _hV2:25xM69w, H82
_cTEXL
_2cc
999 _c1039832
_d1039832